| 000 | 00000nam##2200000za#4500 |
| 001 | 9.646925 |
| 003 | CaOODSP |
| 005 | 20200330063907 |
| 007 | ta |
| 008 | 150407|1998||||xxc||||| f|0| 0 eng|d |
| 020 | |a0-662-24729-9 |
| 040 | |aCaOODSP|beng |
| 043 | |an-cn--- |
| 086 | 1 |aH46-2/98-219E |
| 110 | 1 |aCanada.|bHealth Canada. |bEnvironmental Health Directorate. |
| 245 | 10|aHealth related indicators of the Great Lakes Basin population : |bnumbers 1 to 20 / |cIssued by Great Lakes Health Effects Program. |
| 260 | |aOttawa - Ontario : |bHealth Canada. |c1998. |
| 300 | |a144p. : |bgraphs, maps, references, tables ; |c28 cm. |
| 500 | |a"This report presents a series of indicators which, as a whole, serve to monitor human health as it relates to the Great Lakes environment... There are three categories of indicators presented in this report: 1) indicators of health affects, 2) indicators of exposure, and 3) patterns and trends in disease incidence."--Page 1. |
| 520 | 3 |aThis report presents a series of indicators which, as a whole, serve to monitor human health as it relates to the Great Lakes environment... There are three categories of indicators presented in this report: 1) indicators of health affects, 2) indicators of exposure, and 3) patterns and trends in disease incidence.--Page 1 |
| 563 | |aRing binding |
| 590 | |a98-50|b1998-12-11 |
| 690 | 07|aHealth|2gcpds |
| 775 | 08|tIndicateurs sanitaires pour les résidents du bassin des Grands lacs : |w(CaOODSP)9.680417 |